| 000 | 00453nmm a2200181 a 4500 | ||
|---|---|---|---|
| 003 | AR-X00000XY | ||
| 005 | 20251128212034.0 | ||
| 008 | 207020s1947 ||||||||||||||000 | spa|| | ||
| 040 | _cAR-X00000XY | ||
| 100 | 1 | _aKierkegaard, Sören | |
| 245 | 1 | 0 | _aTratado de la desesperación |
| 260 |
_aLa Plata _bCalomino _c1947 |
||
| 300 | 0 | _a198 p. | |
| 500 | 0 | _aEjemplar sin tapas | |
| 700 | 1 |
_aLiacho, Carlos _etraductor |
|
| 942 | _cBK | ||
| 998 | _cmartin | ||
| 999 |
_c22196 _d22196 |
||